|
|
|
|
| LEADER |
01185nam a2200349 a 4500 |
| 001 |
000149414 |
| 003 |
CZ BrMZK |
| 005 |
20230622123817.0 |
| 007 |
ta |
| 008 |
960815s1997 xr e f cze d |
| 015 |
|
|
|a cnb000203119
|
| 020 |
|
|
|a 80-86092-04-6
|
| 035 |
|
|
|a (OCoLC)37252697
|
| 040 |
|
|
|a BOA001
|b cze
|
| 043 |
|
|
|a e-xr---
|b e-xr-ka
|2 czenas
|
| 072 |
|
7 |
|a 712
|x Plánování krajiny. Parky. Zahrady
|2 Konspekt
|9 24
|
| 080 |
|
|
|a 711.455:615.838
|2 MRF
|
| 080 |
|
|
|a 712.253
|2 MRF
|
| 080 |
|
|
|a (437.318)
|2 MRF
|
| 080 |
|
|
|a (036)
|2 MRF
|
| 100 |
1 |
|
|a Reiser, Pavel,
|d 1958-
|7 kv2012716665
|4 aut
|
| 245 |
1 |
0 |
|a Karlovy Vary - lesní promenády :
|b procházky lázeňskými lesy /
|c [text Pavel Reiser]
|
| 250 |
|
|
|a Vyd. 1.
|
| 260 |
|
|
|a Karlovy Vary :
|b Promenáda,
|c 1997
|
| 300 |
|
|
|a 32 s. :
|b barev. il., mapy ;
|c 21 cm
|
| 650 |
0 |
7 |
|a lázně
|7 ph136956
|z Česko
|2 czenas
|
| 650 |
0 |
7 |
|a městské parky
|7 ph123107
|z Česko
|2 czenas
|
| 651 |
|
7 |
|a Karlovy Vary (Česko)
|7 ge129535
|2 czenas
|
| 655 |
|
7 |
|a průvodce
|7 fd133154
|2 czenas
|
| 910 |
|
|
|a BOA001
|b X-1030.518
|
| 990 |
|
|
|a BK
|
| 996 |
7 |
|
|b 2610048907
|c X-1030.518
|l MZK
|r Sklad / do 24 hodin
|n 3
|p p.v.
|w 000149414
|u 000010
|a 1
|e BOA001
|j MZK50
|s A
|